საქართველოსთან ყველაზე ახლოს მყოფი ქვეყნები - Statistics

General Stats
  • This quiz has been taken 3 times
  • The average score is 8 of 20
Answer Stats
კმ ქვეყანა % Correct
0 რუსეთი
100%
0 სომხეთი
50%
0 აზერბაიჯანი
50%
189 ირანი
50%
417 უკრაინა
50%
419 ერაყი
50%
428 ყაზახეთი
50%
437 სირია
50%
479 თურქმენეთი
50%
843 მოლდოვა
50%
844 რუმინეთი
50%
885 ლიბანი
50%
887 კვიპროსი
50%
919 ბულგარეთი
50%
1042 ისრაელი
50%
0 ტურკი
0%
774 უზბეკეთი
0%
956 ჟორდანია
0%
1055 საუდის არაბეთი
0%
1115 ბელორუსია
0%
No matching quizzes found
Score Distribution
Percent of People with Each Score
Percentile by Number Answered
Your Score History
You have not taken this quiz